[Event "Olimpiada Calviá 2004"]
[Site "Calviá ESP"]
[Date "2004.10.25"]
[Round "10.35"]
[White "Dervishi, Erald"]
[Black "Williams, Leighton"]
[Result "1/2-1/2"]
[WhiteElo "2502"]
[BlackElo "2355"]
[PlyCount "113"]
[EventDate "2004.10.15"]
[EventType "team"]
[EventRounds "14"]
[EventCountry "ESP"]
[Source "lmi"]
[SourceDate "2004.10.27"]

1. e4 c5 2. Nf3 Nc6 3. d4 cxd4 4. Nxd4 Nf6 5. Nc3 d6 6. Bc4 e6 7. Be3 a6 8. Qe2
Qc7 9. Bb3 Na5 10. O-O-O b5 11. f3 Be7 12. g4 b4 13. Na4 Nxb3+ 14. axb3 Nd7 15.
g5 Nc5 16. Kb1 Bd7 17. h4 Nxa4 18. bxa4 Bxa4 19. h5 Bd7 20. f4 Rc8 21. g6 fxg6
22. hxg6 h6 23. f5 e5 24. Bxh6 gxh6 25. g7 Rg8 26. Rxh6 Qc4 27. Qxc4 Rxc4 28.
Nb3 Rxg7 29. f6 Rg2 30. fxe7 Rcxc2 31. Rh8+ Kxe7 32. Rh7+ Ke8 33. Rh8+ Kf7 34.
Rh7+ Kg6 35. Rxd7 Rxb2+ 36. Ka1 Ra2+ 37. Kb1 Rgb2+ 38. Kc1 Rxb3 39. R1xd6+ Kg5
40. Rf7 Rh3 41. Rf5+ Kh4 42. Rh6+ Kg3 43. Rxh3+ Kxh3 44. Rxe5 Kg4 45. Rc5 a5
46. Kb1 b3 47. Rb5 a4 48. e5 Kf5 49. Rc5 Ke6 50. Rb5 Kf5 51. Rc5 a3 52. Rc3
Rb2+ 53. Ka1 Kxe5 54. Re3+ Kd4 55. Rd3+ Kc4 56. Rc3+ Kb4 57. Rc4+ 1/2-1/2

[Event "Olimpiada Calviá 2004"]
[Site "Calviá ESP"]
[Date "2004.10.25"]
[Round "10.35"]
[White "Jones, Richard S"]
[Black "Rama, Lorenc"]
[Result "1/2-1/2"]
[WhiteElo "2297"]
[BlackElo "2347"]
[PlyCount "149"]
[EventDate "2004.10.15"]
[EventType "team"]
[EventRounds "14"]
[EventCountry "ESP"]
[Source "lmi"]
[SourceDate "2004.10.27"]

1. e4 e5 2. f4 exf4 3. Nf3 d5 4. exd5 Nf6 5. Bc4 Nxd5 6. Bxd5 Qxd5 7. Nc3 Qd8
8. d4 Be7 9. Bxf4 O-O 10. O-O c6 11. Qd3 Be6 12. Rad1 Nd7 13. Ne4 Bf5 14. Nf6+
Nxf6 15. Qxf5 Qd5 16. Be5 Rad8 17. b3 Qe4 18. Qxe4 Nxe4 19. c4 f6 20. Bc7 Rd7
21. Ba5 b6 22. Bd2 Rfd8 23. Be3 Bb4 24. Rd3 Re8 25. Rfd1 Nc3 26. Ra1 Ne4 27.
Rad1 Rde7 28. Bd2 Nxd2 29. Nxd2 Re2 30. a4 Kf7 31. h3 Bxd2 32. R1xd2 Rxd2 33.
Rxd2 Re3 34. d5 c5 35. Rb2 Rc3 36. a5 Ke7 37. axb6 axb6 38. Re2+ Kd7 39. Ra2
Rxb3 40. Ra7+ Kd6 41. Rxg7 b5 42. cxb5 c4 43. Rf7 Rxb5 44. Rxf6+ Kxd5 45. Kf1
c3 46. Ke2 Kc4 47. Kd1 Rb1+ 48. Kc2 Rb2+ 49. Kc1 Rxg2 50. Rf7 h5 51. Rc7+ Kd3
52. Rd7+ Ke4 53. Rh7 Rg5 54. Kc2 Rc5 55. Rf7 Ke3 56. Rf8 h4 57. Rf7 Rc4 58. Rf8
Re4 59. Rc8 Kf2 60. Rxc3 Kg2 61. Kd1 Re6 62. Rb3 Re7 63. Rc3 Rg7 64. Ke1 Rg3
65. Rc2+ Kg1 66. Re2 Rxh3 67. Re4 Kg2 68. Ke2 Rh1 69. Rg4+ Kh3 70. Rg8 Kh2 71.
Kf2 h3 72. Rf8 Rb1 73. Rf3 Ra1 74. Rf8 Ra2+ 75. Kf1 1/2-1/2

[Event "Olimpiada Calviá 2004"]
[Site "Calviá ESP"]
[Date "2004.10.25"]
[Round "10.35"]
[White "Rayner, Francis"]
[Black "Mehmeti, Dritan"]
[Result "0-1"]
[WhiteElo "2212"]
[BlackElo "2346"]
[PlyCount "20"]
[EventDate "2004.10.15"]
[EventType "team"]
[EventRounds "14"]
[EventCountry "ESP"]
[Source "lmi"]
[SourceDate "2004.10.27"]

1. c4 c5 2. Nf3 Nf6 3. Nc3 d5 4. cxd5 Nxd5 5. d4 cxd4 6. Qxd4 Nxc3 7. Qxc3 Nc6
8. e4 e6 9. Bb5 Bd7 10. O-O Qb6 0-1

[Event "Olimpiada Calviá 2004"]
[Site "Calviá ESP"]
[Date "2004.10.25"]
[Round "10.36"]
[White "Matamoros Franco, Carlos S"]
[Black "Mateo, Ramon"]
[Result "1/2-1/2"]
[WhiteElo "2513"]
[BlackElo "2453"]
[PlyCount "39"]
[EventDate "2004.10.15"]
[EventType "team"]
[EventRounds "14"]
[EventCountry "ESP"]
[Source "lmi"]
[SourceDate "2004.10.27"]

1. Nf3 Nf6 2. c4 e6 3. g3 b6 4. Bg2 Bb7 5. O-O c5 6. Nc3 Be7 7. d4 cxd4 8. Qxd4
d6 9. Bg5 Nc6 10. Qf4 Rc8 11. Rad1 a6 12. Bxf6 gxf6 13. Ne4 Ne5 14. Rxd6 Bxd6
15. Nxf6+ Ke7 16. Nxe5 Bxe5 17. Qxe5 Bxg2 18. Kxg2 Rxc4 19. Qg5 Qd4 20. Nd5+
1/2-1/2

[Event "Olimpiada Calviá 2004"]
[Site "Calviá ESP"]
[Date "2004.10.25"]
[Round "10.36"]
[White "Santos Flores, Alberto"]
[Black "Alvarado, Nelson"]
[Result "1/2-1/2"]
[WhiteElo "2326"]
[BlackElo "2290"]
[PlyCount "66"]
[EventDate "2004.10.15"]
[EventType "team"]
[EventRounds "14"]
[EventCountry "ESP"]
[Source "lmi"]
[SourceDate "2004.10.27"]

1. e4 c5 2. Nf3 Nc6 3. d4 cxd4 4. Nxd4 Nf6 5. Nc3 e5 6. Ndb5 d6 7. Bg5 a6 8.
Na3 b5 9. Bxf6 gxf6 10. Nd5 Bg7 11. c3 f5 12. exf5 Bxf5 13. Nc2 O-O 14. Nce3
Be6 15. Bd3 f5 16. O-O Ne7 17. Nxe7+ Qxe7 18. Bxf5 Kh8 19. Bxe6 Qxe6 20. Qd5
Qg6 21. Rad1 Rad8 22. Qc6 Bh6 23. Qxa6 Rg8 24. g3 Bxe3 25. fxe3 Qe4 26. Qxb5
Qxe3+ 27. Rf2 Rgf8 28. Qe2 Qa7 29. Rdf1 Rf6 30. Kh1 Qa8+ 31. Kg1 Qa7 32. h3 Rg6
33. Kh2 Qxa2 1/2-1/2

[Event "Olimpiada Calviá 2004"]
[Site "Calviá ESP"]
[Date "2004.10.25"]
[Round "10.36"]
[White "Munoz, Lisandro"]
[Black "Pazos Gambarrotti, Plinio"]
[Result "1/2-1/2"]
[WhiteElo "2302"]
[BlackElo "2400"]
[PlyCount "80"]
[EventDate "2004.10.15"]
[EventType "team"]
[EventRounds "14"]
[EventCountry "ESP"]
[Source "lmi"]
[SourceDate "2004.10.27"]

1. e4 c5 2. Nf3 Nc6 3. Bb5 Qb6 4. Nc3 Nd4 5. Bc4 e6 6. O-O d6 7. a4 Nf6 8. a5
Qc7 9. d3 a6 10. Nxd4 cxd4 11. Ne2 e5 12. c3 dxc3 13. Nxc3 Be6 14. b3 Be7 15.
Be3 O-O 16. Qe2 Qd7 17. Na4 Bd8 18. Nb6 Bxb6 19. Bxb6 Rfe8 20. Rac1 d5 21. exd5
Bxd5 22. f3 Bc6 23. Rfe1 Nd5 24. Bxd5 Qxd5 25. Rc5 Qxb3 26. Rxe5 Rxe5 27. Qxe5
Qxd3 28. Bd4 Qg6 29. Qg3 Qh6 30. h3 Rd8 31. Bb6 Rf8 32. Rd1 Re8 33. Kh2 Qe6 34.
Rd4 f6 35. Rd8 Rxd8 36. Bxd8 h5 37. Bb6 Kh7 38. Qf4 g5 39. Qd4 h4 40. Bc7 Kg7
1/2-1/2

[Event "Olimpiada Calviá 2004"]
[Site "Calviá ESP"]
[Date "2004.10.25"]
[Round "10.37"]
[White "Neubauer, Martin"]
[Black "Simonsen, Hans Kristian"]
[Result "1/2-1/2"]
[WhiteElo "2440"]
[BlackElo "2293"]
[PlyCount "50"]
[EventDate "2004.10.15"]
[EventType "team"]
[EventRounds "14"]
[EventCountry "ESP"]
[Source "lmi"]
[SourceDate "2004.10.27"]

1. e4 e6 2. d4 d5 3. Nc3 Bb4 4. e5 Ne7 5. a3 Bxc3+ 6. bxc3 c5 7. h4 b6 8. h5 h6
9. Bb5+ Bd7 10. Bd3 c4 11. Bf1 Ba4 12. g3 Nbc6 13. Bh3 Qc7 14. Ra2 O-O-O 15.
Qg4 Nf5 16. Qf4 g5 17. hxg6 fxg6 18. Bxf5 gxf5 19. Rxh6 Rh7 20. Nf3 Rdh8 21.
Rxh7 Qxh7 22. Nh4 Kd7 23. Qg5 Ne7 24. Qf6 f4 25. Bxf4 Qf7 1/2-1/2

[Event "Olimpiada Calviá 2004"]
[Site "Calviá ESP"]
[Date "2004.10.25"]
[Round "10.37"]
[White "Nolsoe, Eydun"]
[Black "Pilaj, Herwig"]
[Result "0-1"]
[WhiteElo "2227"]
[BlackElo "2431"]
[PlyCount "88"]
[EventDate "2004.10.15"]
[EventType "team"]
[EventRounds "14"]
[EventCountry "ESP"]
[Source "lmi"]
[SourceDate "2004.10.27"]

1. e4 c5 2. Nf3 Nc6 3. d4 cxd4 4. Nxd4 Nf6 5. Nc3 Qb6 6. Nb3 e6 7. Be3 Qc7 8.
a3 a6 9. f4 d6 10. Be2 Be7 11. O-O O-O 12. Bf3 Rb8 13. a4 b6 14. Qe2 Bb7 15. g4
Rfe8 16. f5 Nd7 17. Rad1 Bf8 18. Qf2 Ba8 19. Bg2 b5 20. axb5 axb5 21. Qh4 b4
22. Ne2 Ne7 23. Rd2 Nb6 24. Na5 Na4 25. b3 Qxa5 26. Ra1 Bc6 27. bxa4 b3 28.
cxb3 Rxb3 29. Qf2 Qb4 30. Rd4 Rb1+ 31. Rxb1 Qxb1+ 32. Qf1 Qb3 33. Qf2 d5 34.
Nc1 Qa3 35. Qd2 dxe4 36. Bxe4 Nd5 37. Bxd5 Bxd5 38. Qd3 Qb2 39. Qd2 Qb1 40. Qd3
Qa1 41. Qc2 Rb8 42. Rd1 Qa3 43. Rd3 Qb4 44. Qd1 Qe4 0-1

[Event "Olimpiada Calviá 2004"]
[Site "Calviá ESP"]
[Date "2004.10.25"]
[Round "10.37"]
[White "Danner, Georg"]
[Black "Samuelsen, Carl Eli Nolsoe"]
[Result "1-0"]
[WhiteElo "2436"]
[BlackElo "2225"]
[PlyCount "40"]
[EventDate "2004.10.15"]
[EventType "team"]
[EventRounds "14"]
[EventCountry "ESP"]
[Source "lmi"]
[SourceDate "2004.10.27"]

1. d4 Nf6 2. Nf3 e6 3. e3 b6 4. Bd3 Bb7 5. O-O Be7 6. c4 O-O 7. Nc3 d5 8. b3 c5
9. Bb2 Nc6 10. cxd5 Nxd5 11. dxc5 Bxc5 12. a3 Be7 13. Qc2 Nf6 14. Rfd1 Qc8 15.
Rac1 Na5 16. e4 h6 17. e5 Nd5 18. b4 Nxc3 19. Qxc3 Nc6 20. Be4 Rd8 1-0

[Event "Olimpiada Calviá 2004"]
[Site "Calviá ESP"]
[Date "2004.10.25"]
[Round "10.38"]
[White "Davila, Carlos"]
[Black "Cuartas, Jaime Alexander"]
[Result "1/2-1/2"]
[WhiteElo "2339"]
[BlackElo "2452"]
[PlyCount "124"]
[EventDate "2004.10.15"]
[EventType "team"]
[EventRounds "14"]
[EventCountry "ESP"]
[Source "lmi"]
[SourceDate "2004.10.27"]

1. e4 c6 2. d4 d5 3. exd5 cxd5 4. Bd3 Nc6 5. c3 Nf6 6. Bf4 Bg4 7. Qb3 Na5 8.
Qa4+ Bd7 9. Qc2 Rc8 10. Nf3 e6 11. O-O Be7 12. h3 O-O 13. Nbd2 b5 14. a3 Nc4
15. Ne5 a5 16. Rfe1 h6 17. a4 Nh5 18. Bh2 Bg5 19. Ndf3 Bf4 20. Nxd7 Bxh2+ 21.
Nxh2 Qxd7 22. axb5 Nf4 23. Bf1 Qd8 24. Nf3 Qf6 25. Ne5 Nxe5 26. dxe5 Qg5 27. g3
Ng6 28. Bg2 Qd8 29. Qa4 Rc5 30. Qxa5 Qb8 31. Qa7 Rxb5 32. b4 Rc8 33. Re3 Rb7
34. Qxb8 Rbxb8 35. f4 Ne7 36. Rd3 Kf8 37. h4 g5 38. hxg5 hxg5 39. fxg5 Rc4 40.
Rf3 Ng6 41. Re1 Rbc8 42. Ree3 Kg7 43. Bf1 d4 44. cxd4 Rxd4 45. b5 Rb8 46. Re1
Rg4 47. Bd3 Nh4 48. Rfe3 Rxg5 49. Kh2 Nf5 50. Bxf5 Rxf5 51. Rb1 Rb6 52. Kg2 Rh5
53. Kf3 f6 54. exf6+ Kxf6 55. Reb3 Rd5 56. Ke4 Kg5 57. Kf3 Rf5+ 58. Kg2 Re5 59.
R1b2 Rd5 60. Kf3 Rf5+ 61. Ke4 Rd5 62. Kf3 Rf5+ 1/2-1/2

[Event "Olimpiada Calviá 2004"]
[Site "Calviá ESP"]
[Date "2004.10.25"]
[Round "10.38"]
[White "Puhiera, Roger"]
[Black "Contreras, Henry"]
[Result "0-1"]
[WhiteElo "2144"]
[BlackElo "2307"]
[PlyCount "102"]
[EventDate "2004.10.15"]
[EventType "team"]
[EventRounds "14"]
[EventCountry "ESP"]
[Source "lmi"]
[SourceDate "2004.10.27"]

1. e4 c5 2. Nf3 d6 3. c3 Nf6 4. e5 dxe5 5. Nxe5 e6 6. d4 cxd4 7. cxd4 Be7 8.
Bd3 O-O 9. O-O Nbd7 10. Nc3 Nb6 11. Bg5 Nbd5 12. Rc1 Ne8 13. Bxe7 Nxe7 14. Bb1
g6 15. Re1 b6 16. Be4 Rb8 17. Nb5 a6 18. Na7 Bb7 19. Qf3 Bxe4 20. Qxe4 Nd6 21.
Qf3 Ndf5 22. Qb3 Ra8 23. Nac6 Nxc6 24. Nxc6 Qd5 25. g4 Rac8 26. Nb4 Rxc1 27.
Rxc1 Qd8 28. Rd1 Qg5 29. h3 a5 30. Nc6 Nh4 31. Qg3 h6 32. Ne5 Rc8 33. d5 Qxe5
34. Qxh4 exd5 35. Qxh6 Qxb2 36. Rxd5 Qb1+ 37. Kh2 Qxa2 38. Rd2 Qe6 39. Qg5 Kg7
40. Qf4 Rc4 41. Qg3 b5 42. f4 Qe4 43. Rf2 Rc1 44. Qa3 Qe1 45. Qb2+ Kg8 46. Kg2
b4 47. f5 Qh1+ 48. Kg3 Rc3+ 49. Kf4 Qxh3 50. Kg5 Qe3+ 51. Rf4 f6+ 0-1

[Event "Olimpiada Calviá 2004"]
[Site "Calviá ESP"]
[Date "2004.10.25"]
[Round "10.39"]
[White "Belkhodja, Slim"]
[Black "Santa Torres, Juan"]
[Result "1-0"]
[WhiteElo "2478"]
[BlackElo "2229"]
[PlyCount "79"]
[EventDate "2004.10.15"]
[EventType "team"]
[EventRounds "14"]
[EventCountry "ESP"]
[Source "lmi"]
[SourceDate "2004.10.27"]

1. e4 c5 2. Nf3 e6 3. d3 Nc6 4. g3 d5 5. Nbd2 g6 6. Bg2 Bg7 7. O-O Nge7 8. Re1
b6 9. c3 a5 10. e5 h6 11. Nf1 g5 12. d4 cxd4 13. cxd4 Bd7 14. g4 Ng6 15. Ng3
Bf8 16. Nh5 Be7 17. Be3 a4 18. Bf1 Na5 19. b3 axb3 20. axb3 Rc8 21. Bd3 Kf8 22.
Bd2 Kg8 23. Qb1 Nf8 24. Kg2 Bc6 25. h4 gxh4 26. Kh3 Be8 27. Ng1 Nc6 28. Ne2 Nd7
29. f4 Nb4 30. f5 Nxd3 31. Qxd3 Bg5 32. f6 Nf8 33. Ra7 Rc7 34. Rea1 Rxa7 35.
Rxa7 Bxd2 36. Qxd2 Ng6 37. Nef4 Qb8 38. Nxg6 Qxa7 39. Ne7+ Kf8 40. Qb4 1-0

[Event "Olimpiada Calviá 2004"]
[Site "Calviá ESP"]
[Date "2004.10.25"]
[Round "10.39"]
[White "Davila Vega, Juan"]
[Black "Doghri, Nabil"]
[Result "0-1"]
[WhiteElo "2169"]
[BlackElo "2309"]
[PlyCount "110"]
[EventDate "2004.10.15"]
[EventType "team"]
[EventRounds "14"]
[EventCountry "ESP"]
[Source "lmi"]
[SourceDate "2004.10.27"]

1. d4 d5 2. c4 e6 3. Nc3 Nf6 4. Bg5 c6 5. e3 h6 6. Bh4 Be7 7. Nf3 Nbd7 8. Qc2
O-O 9. cxd5 exd5 10. Bd3 Re8 11. O-O Nf8 12. Ne5 N6d7 13. Bg3 Nxe5 14. Bxe5 Be6
15. Rae1 Rc8 16. Bg3 Bf6 17. Na4 Nd7 18. f4 Nf8 19. f5 Bd7 20. Nc5 b6 21. Nb7
Qe7 22. Bd6 Qxe3+ 23. Rxe3 Rxe3 24. Bf4 Re7 25. Nd6 Bxd4+ 26. Kh1 Rd8 27. f6
Bxf6 28. Nf5 Re6 29. Ng3 Ng6 30. Bxg6 fxg6 31. Bxh6 Be8 32. Bd2 Bf7 33. Qc1 d4
34. Bg5 d3 35. h3 Rd5 36. Bxf6 d2 37. Qd1 gxf6 38. Ne2 Rde5 39. Qxd2 Rxe2 40.
Qd8+ Kg7 41. Qd4 c5 42. Qc3 Be8 43. Rg1 Bc6 44. Qg3 R6e5 45. Kh2 Rxb2 46. Qa3
Ree2 47. Qxa7+ Kh6 48. Qc7 Bxg2 49. Qf4+ Kg7 50. Qc7+ Kg8 51. Kg3 Rxa2 52. Qd8+
Kf7 53. Qc7+ Re7 54. Qxb6 Re3+ 55. Kg4 Ra4+ 0-1

[Event "Olimpiada Calviá 2004"]
[Site "Calviá ESP"]
[Date "2004.10.25"]
[Round "10.39"]
[White "Bouaziz, Slim"]
[Black "Santa Torres, Luis A"]
[Result "1/2-1/2"]
[WhiteElo "2341"]
[BlackElo "2196"]
[PlyCount "67"]
[EventDate "2004.10.15"]
[EventType "team"]
[EventRounds "14"]
[EventCountry "ESP"]
[Source "lmi"]
[SourceDate "2004.10.27"]

1. e4 e6 2. d4 d5 3. Nd2 c5 4. exd5 Qxd5 5. Ngf3 cxd4 6. Bc4 Qd6 7. O-O Nf6 8.
Nb3 Nc6 9. Nbxd4 Nxd4 10. Nxd4 Bd7 11. c3 Qc7 12. Qe2 a6 13. g3 Be7 14. Bb3 O-O
15. Nf5 Bc5 16. Bf4 Qb6 17. Nxg7 Kxg7 18. Be5 Rg8 19. Qd2 Bb5 20. Qg5+ Kf8 21.
Qh6+ Ke8 22. Qxf6 Bxf1 23. Rxf1 Qc6 24. Bc2 Rd8 25. Bxh7 Rf8 26. Bf4 Qf3 27. h4
Rd2 28. Kh2 Rxf2+ 29. Rxf2 Qxf2+ 30. Kh3 Qf1+ 31. Kg4 Qe2+ 32. Kh3 Qf1+ 33. Kg4
Qe2+ 34. Kh3 1/2-1/2

[Event "Olimpiada Calviá 2004"]
[Site "Calviá ESP"]
[Date "2004.10.25"]
[Round "10.40"]
[White "Albadri, Abd Al Sattar"]
[Black "Galego, Luis"]
[Result "0-1"]
[WhiteElo "2142"]
[BlackElo "2515"]
[PlyCount "84"]
[EventDate "2004.10.15"]
[EventType "team"]
[EventRounds "14"]
[EventCountry "ESP"]
[Source "lmi"]
[SourceDate "2004.10.27"]

1. d4 Nf6 2. c4 d6 3. Nf3 Bg4 4. Nc3 Nbd7 5. g3 e5 6. dxe5 dxe5 7. Bg2 c6 8.
Be3 Qc7 9. O-O Be7 10. Rc1 O-O 11. h3 Bh5 12. Nh4 Rfd8 13. Qc2 Ne8 14. Nf5 Bf8
15. Ne4 Bg6 16. Nh4 Bxe4 17. Bxe4 Nef6 18. Bg2 Bc5 19. Bg5 h6 20. Bd2 a5 21.
Nf5 Nf8 22. a3 a4 23. Kh1 Ne6 24. e3 Bf8 25. f4 Nd7 26. Bc3 Re8 27. Rcd1 Nec5
28. g4 Re6 29. g5 h5 30. Nh4 exf4 31. exf4 Rae8 32. g6 Nf6 33. Be5 Rxe5 34.
fxe5 Rxe5 35. gxf7+ Qxf7 36. Ng6 Re8 37. Nxf8 Rxf8 38. Qf5 Nb3 39. c5 Qc4 40.
Rd6 Qxc5 41. Rxf6 Rxf6 42. Qc8+ Rf8 0-1

[Event "Olimpiada Calviá 2004"]
[Site "Calviá ESP"]
[Date "2004.10.25"]
[Round "10.40"]
[White "Abdul Adhim, Muneer"]
[Black "Pinheiro, Jose"]
[Result "0-1"]
[WhiteElo "2202"]
[BlackElo "2310"]
[PlyCount "64"]
[EventDate "2004.10.15"]
[EventType "team"]
[EventRounds "14"]
[EventCountry "ESP"]
[Source "lmi"]
[SourceDate "2004.10.27"]

1. e4 c5 2. d4 cxd4 3. c3 dxc3 4. Nxc3 Nc6 5. Nf3 a6 6. Bc4 d6 7. O-O Nf6 8.
Bg5 b5 9. Bxf7+ Kxf7 10. Bxf6 gxf6 11. Qd5+ Be6 12. Qxc6 Qc8 13. Qxc8 Rxc8 14.
Nd4 Rc4 15. Nxe6 Kxe6 16. a3 Bh6 17. Rfd1 Bf4 18. Rd3 Be5 19. f3 Rhc8 20. Nd1
Rc2 21. Rb1 Re2 22. Nc3 Bxc3 23. bxc3 Ra2 24. Rb3 Rc5 25. g4 Ke5 26. h4 Rc2 27.
h5 Kf4 28. Kf1 a5 29. Ke1 Kg3 30. Rd5 a4 31. Rxc5 axb3 32. Rxb5 b2 0-1

[Event "Olimpiada Calviá 2004"]
[Site "Calviá ESP"]
[Date "2004.10.25"]
[Round "10.40"]
[White "Vitor, Antonio"]
[Black "Hussein, Noah A"]
[Result "1-0"]
[WhiteElo "2319"]
[BlackElo "2349"]
[PlyCount "117"]
[EventDate "2004.10.15"]
[EventType "team"]
[EventRounds "14"]
[EventCountry "ESP"]
[Source "lmi"]
[SourceDate "2004.10.27"]

1. Nf3 Nf6 2. g3 c5 3. Bg2 Nc6 4. O-O d5 5. d3 g6 6. Bf4 Bg7 7. Ne5 Nh5 8. Nxc6
bxc6 9. Bc1 Rb8 10. Nc3 O-O 11. e4 Nf6 12. Rb1 Ba6 13. Re1 e6 14. Bg5 h6 15.
Bf4 Rc8 16. Be5 Qa5 17. Bd6 Rfd8 18. e5 Ne8 19. b4 cxb4 20. Bxb4 Qc7 21. d4 Rb8
22. Qd2 Rxb4 23. Rxb4 Bf8 24. Rbb1 Qa5 25. Bf1 Bxf1 26. Rxf1 c5 27. Rb5 Qc7 28.
Rfb1 cxd4 29. Qxd4 Rc8 30. Nxd5 exd5 31. Qxd5 Rd8 32. Qb3 Qc6 33. e6 fxe6 34.
Rb8 Rxb8 35. Qxb8 Qxc2 36. Re1 Nc7 37. Qxa7 Qc6 38. Qe3 g5 39. Rc1 Qd6 40. Qe4
Qe7 41. Rc6 Kf7 42. a4 Nd5 43. a5 Qd7 44. Qf3+ Kg6 45. Rc4 Bg7 46. h4 Nf6 47.
hxg5 hxg5 48. Rc3 Qa7 49. Ra3 Bf8 50. Ra2 e5 51. g4 Qd4 52. Qf5+ Kf7 53. Rc2
Qa1+ 54. Kh2 Qxa5 55. Rc6 Be7 56. Qe6+ Kf8 57. Rc8+ Ne8 58. Qh6+ Kf7 59. Qh5+
1-0

[Event "Olimpiada Calviá 2004"]
[Site "Calviá ESP"]
[Date "2004.10.25"]
[Round "10.41"]
[White "De La Riva Aguado, Oscar"]
[Black "Baules, Jorge"]
[Result "1-0"]
[WhiteElo "2528"]
[BlackElo "2275"]
[PlyCount "75"]
[EventDate "2004.10.15"]
[EventType "team"]
[EventRounds "14"]
[EventCountry "ESP"]
[Source "lmi"]
[SourceDate "2004.10.27"]

1. e4 c5 2. Nf3 Nc6 3. Bb5 g6 4. c3 Bg7 5. d4 Qa5 6. Bxc6 dxc6 7. O-O Bg4 8.
dxc5 Qxc5 9. Be3 Qb5 10. Qb3 Bxf3 11. Qxb5 cxb5 12. gxf3 Nf6 13. a4 bxa4 14.
Rxa4 a6 15. Rc4 Rd8 16. Bb6 Rd3 17. Rc8+ Kd7 18. Rc7+ Ke6 19. Rxb7 Rxf3 20. Nd2
Rd3 21. Nb3 Nxe4 22. Re1 Kf5 23. Rxe7 Ng5 24. Kg2 Rb8 25. Nd4+ Kg4 26. h3+ Kh5
27. Ne2 Kh6 28. Nf4 Bf6 29. Ra7 Rf3 30. h4 Rxf4 31. hxg5+ Bxg5 32. Bc7 Rxb2 33.
Bxf4 Bxf4 34. Rxf7 Bd2 35. Ree7 Bxc3 36. Kg3 Rb3 37. Kg4 Rb4+ 38. f4 1-0

[Event "Olimpiada Calviá 2004"]
[Site "Calviá ESP"]
[Date "2004.10.25"]
[Round "10.41"]
[White "Garcia, Raul"]
[Black "Savcedo, Ivan"]
[Result "1-0"]
[WhiteElo "2259"]
[BlackElo "2150"]
[PlyCount "49"]
[EventDate "2004.10.15"]
[EventType "team"]
[EventRounds "14"]
[EventCountry "ESP"]
[Source "lmi"]
[SourceDate "2004.10.27"]

1. d4 d5 2. c4 c6 3. Nf3 Nf6 4. Nc3 dxc4 5. a4 Bf5 6. Nh4 Be6 7. e4 g6 8. Nf3
h6 9. Ne5 Bg7 10. Bxc4 Bxc4 11. Nxc4 O-O 12. O-O Na6 13. Be3 Nc7 14. h3 Qd7 15.
Ne5 Qc8 16. Qb3 e6 17. Rac1 a5 18. Nc4 Qb8 19. Nb6 Ra6 20. e5 Qa7 21. d5 Nh7
22. d6 Na8 23. Nd7 b6 24. Nxf8 Nxf8 25. f4 1-0

[Event "Olimpiada Calviá 2004"]
[Site "Calviá ESP"]
[Date "2004.10.25"]
[Round "10.42"]
[White "Guillen Ramirez, Jose Antonio"]
[Black "Khamdamov, Suhrob"]
[Result "0-1"]
[WhiteElo "2301"]
[BlackElo "2150"]
[PlyCount "68"]
[EventDate "2004.10.15"]
[EventType "team"]
[EventRounds "14"]
[EventCountry "ESP"]
[Source "lmi"]
[SourceDate "2004.10.27"]

1. d4 Nf6 2. c4 g6 3. Nc3 Bg7 4. e4 d6 5. Bd3 O-O 6. Nge2 e5 7. d5 Nbd7 8. Bg5
h6 9. Bh4 a5 10. O-O Nc5 11. f3 g5 12. Bf2 Nh5 13. a3 Nf4 14. Bc2 g4 15. Nxf4
exf4 16. fxg4 Be5 17. Bd4 Qg5 18. Bxe5 dxe5 19. h3 h5 20. b4 axb4 21. axb4 Rxa1
22. Qxa1 Na6 23. Qb2 hxg4 24. hxg4 Bxg4 25. Bd1 Bc8 26. b5 Nc5 27. b6 Kg7 28.
bxc7 Rh8 29. Qd2 Qg3 30. Rf3 Qh2+ 31. Kf1 Qh1+ 32. Kf2 Rh2 33. Rg3+ fxg3+ 34.
Kxg3 Rh6 0-1

[Event "Olimpiada Calviá 2004"]
[Site "Calviá ESP"]
[Date "2004.10.25"]
[Round "10.42"]
[White "Isaev, Jamshed"]
[Black "Medina Colindres, Javier"]
[Result "1-0"]
[WhiteElo "2424"]
[BlackElo "2213"]
[PlyCount "75"]
[EventDate "2004.10.15"]
[EventType "team"]
[EventRounds "14"]
[EventCountry "ESP"]
[Source "lmi"]
[SourceDate "2004.10.27"]

1. e4 Nc6 2. Nf3 d6 3. d4 Nf6 4. Nc3 Bg4 5. Be3 e5 6. d5 Nb8 7. h3 Bh5 8. Bd3
Be7 9. Qe2 c6 10. O-O-O Bxf3 11. Qxf3 Qa5 12. g4 Na6 13. g5 Nd7 14. dxc6 bxc6
15. Bc4 Rf8 16. Qh5 Nb6 17. Bb3 Nc5 18. Qxh7 Nxb3+ 19. cxb3 g6 20. Kb1 O-O-O
21. Qh4 Kb7 22. Qg4 d5 23. exd5 cxd5 24. Qg2 e4 25. f3 Bc5 26. Bxc5 Qxc5 27.
fxe4 d4 28. Ne2 Rd7 29. Rd3 Rfd8 30. h4 Na8 31. Rc1 Qe5 32. b4 Rc8 33. Rxc8
Kxc8 34. Qg4 Kd8 35. Qf4 Qxf4 36. Nxf4 Nc7 37. Kc2 Ke7 38. Ra3 1-0

[Event "Olimpiada Calviá 2004"]
[Site "Calviá ESP"]
[Date "2004.10.25"]
[Round "10.42"]
[White "Urbina, Ricardo"]
[Black "Khouseinov, Rashid"]
[Result "1/2-1/2"]
[WhiteElo "2247"]
[BlackElo "2343"]
[PlyCount "117"]
[EventDate "2004.10.15"]
[EventType "team"]
[EventRounds "14"]
[EventCountry "ESP"]
[Source "lmi"]
[SourceDate "2004.10.27"]

1. e4 e5 2. Nf3 Qe7 3. Bc4 d6 4. Nc3 c6 5. h3 g6 6. d4 Nh6 7. Be3 f6 8. dxe5
dxe5 9. Qd2 Nf7 10. O-O-O Nd7 11. g4 Nb6 12. Bb3 Be6 13. Bc5 Qxc5 14. Bxe6 Qe7
15. Bb3 Nd6 16. Kb1 O-O-O 17. Qe2 Bg7 18. Rd3 Nf7 19. Rhd1 Rxd3 20. Rxd3 Nd8
21. Qd2 Ne6 22. Bxe6+ Qxe6 23. Ne1 Qe7 24. f3 Re8 25. Nd1 Rd8 26. Rxd8+ Qxd8
27. Nd3 Kb8 28. Qc3 Qg8 29. b3 Qe6 30. Ne3 Bh6 31. Nb2 Bf8 32. Qd3 Kc7 33. Nbc4
Bc5 34. c3 Qd7 35. Kc2 Qxd3+ 36. Kxd3 Nd7 37. Ng2 Nf8 38. Nd2 Ne6 39. Ke2 b5
40. h4 h5 41. b4 Bb6 42. gxh5 gxh5 43. Nf1 Nf4+ 44. Nxf4 exf4 45. Nd2 a5 46.
bxa5 Bxa5 47. c4 Kd6 48. cxb5 cxb5 49. Nb1 Bb4 50. Kd3 Be1 51. Nc3 Bxh4 52.
Nxb5+ Ke5 53. Ke2 f5 54. exf5 Bd8 55. Kf1 Bb6 56. Nc3 Kxf5 57. Kg2 Ke5 58. Ne2
Bd8 59. Nxf4 1/2-1/2

[Event "Olimpiada Calviá 2004"]
[Site "Calviá ESP"]
[Date "2004.10.25"]
[Round "10.42"]
[White "Ziyaev, Negmat"]
[Black "Huguet, Sergio"]
[Result "1-0"]
[WhiteElo "2295"]
[BlackElo "2141"]
[PlyCount "147"]
[EventDate "2004.10.15"]
[EventType "team"]
[EventRounds "14"]
[EventCountry "ESP"]
[Source "lmi"]
[SourceDate "2004.10.27"]

1. c4 e5 2. Nc3 Nf6 3. Nf3 Nc6 4. e3 Bb4 5. Nd5 e4 6. Nxb4 Nxb4 7. Nd4 c5 8.
Nb5 d6 9. d4 exd3 10. Bxd3 a6 11. Nc3 d5 12. cxd5 Nfxd5 13. Be4 Be6 14. O-O O-O
15. a3 Nxc3 16. bxc3 Qxd1 17. Rxd1 Rfd8 18. Rd2 Rxd2 19. Bxd2 Bd5 20. Bxh7+
Kxh7 21. axb4 cxb4 22. cxb4 Rd8 23. Bc3 Bb3 24. Bd4 Rc8 25. h3 Rc4 26. Bc5 Rc2
27. f3 f5 28. Kh2 Kg6 29. Kg3 Kf7 30. h4 g6 31. Bd4 Rc4 32. Bc5 Rc2 33. Rb1 Bc4
34. Rd1 Bb5 35. Rd6 a5 36. Bd4 axb4 37. Rb6 Bc6 38. Rxb4 b5 39. Rb1 Rc4 40. Kf4
Rc2 41. Kg3 Rc4 42. Rb2 b4 43. Kf4 Ba4 44. g4 fxg4 45. fxg4 b3 46. Kg5 Rc2 47.
Rb1 Rc6 48. Ra1 Ra6 49. Rc1 Rc6 50. Rf1+ Kg8 51. Kh6 Bb5 52. Ra1 Ba6 53. Ra4
Bd3 54. Ra8+ Kf7 55. Rb8 Bc2 56. Rb7+ Kg8 57. g5 Rc8 58. Rh7 Rc4 59. Rh8+ Kf7
60. Rb8 Ra4 61. Kh7 Rc4 62. Rb7+ Kf8 63. Rb6 Rc7+ 64. Kh6 Rc4 65. h5 gxh5 66.
g6 Rc8 67. Kxh5 Kg8 68. Kh6 Re8 69. Rb7 Rc8 70. Rg7+ Kf8 71. Rh7 Rc6 72. Rh8+
Ke7 73. Rg8 Re6 74. Kg5 1-0